[Event "IECG WC.2004.P.00001 email"]
[Site "IECG email"]
[Date "2001.01.22"]
[Round "?"]
[White "Price, Bob"]
[Black "Gunther, Christian"]
[Result "1/2-1/2"]
[WhiteElo "2175"]
[BlackElo "2138"]
[PlyCount "31"]
[EventDate "2001.01.22"]
[EventType "tourn (corr)"]
[EventRounds "8"]
[SourceTitle "Corr 2008"]
[Source "ChessBase"]
[SourceDate "2008.06.24"]
[SourceVersion "1"]
[SourceVersionDate "2008.06.24"]
[SourceQuality "1"]

1. d4 Nf6 2. c4 e6 3. Nc3 Bb4 4. e3 0-0 5. Bd3 c5 6. Nge2 d5 7. 0-0 dxc4 8. Bxc4 Nc6 9. a3 Bxc3 10. bxc3 e5 11. Bb2 Qc7 12. Ba2 Rd8 13. Qc2 Bg4 14. f3 Bh5 15. Rad1 Ne7 16. dxe5 1/2-1/2

[Event "IECG WC.2004.P.00001 email"]
[Site "IECG email"]
[Date "2001.01.22"]
[Round "?"]
[White "Van Seben, Edgar"]
[Black "Gunther, Christian"]
[Result "1-0"]
[WhiteElo "1941"]
[BlackElo "2138"]
[PlyCount "135"]
[EventDate "2001.01.22"]
[EventType "tourn (corr)"]
[EventRounds "8"]
[SourceTitle "Corr 2008"]
[Source "ChessBase"]
[SourceDate "2008.06.24"]
[SourceVersion "1"]
[SourceVersionDate "2008.06.24"]
[SourceQuality "1"]

1. d4 Nf6 2. c4 e6 3. Nc3 Bb4 4. Qc2 0-0 5. a3 Bxc3+ 6. Qxc3 b6 7. Bg5 Ba6 8. e3 h6 9. Bh4 d6 10. Bd3 Nbd7 11. Nf3 c5 12. 0-0 cxd4 13. exd4 Rc8 14. Qb4 d5 15. b3 Bb7 16. Ne5 dxc4 17. Nxc4 Qc7 18. Bg3 Qc6 19. f3 a5 20. Qd2 Qd5 21. Nd6 Qxd4+ 22. Kh1 Qc3 23. Qe2 Nh5 24. Nxb7 Nxg3+ 25. hxg3 Qc7 26. Be4 Nf6 27. Rac1 Qd7 28. Rxc8 Rxc8 29. Qd3 Nd5 30. Qa6 Rb8 31. Nxa5 bxa5 32. Qxa5 Qd6 33. Bxd5 exd5 34. b4 d4 35. Kh2 d3 36. Rd1 Rd8 37. Qc5 Qe6 38. Qc3 Qa6 39. Kg1 Rd5 40. g4 Rd8 41. f4 Qa7+ 42. Kh2 Qd7 43. Kg3 d2 44. Qe3 Qd5 45. Kf2 Qa2 46. Qc3 Qd5 47. g3 Qd7 48. b5 Qxb5 49. Rxd2 Qb6+ 50. Kg2 Re8 51. Kh2 Re1 52. Rd8+ Qxd8 53. Qxe1 Qd7 54. Qe2 Qa4 55. Qd3 f6 56. Kg2 Qc6+ 57. Kf2 Qa4 58. Ke2 Qe8+ 59. Kd2 Qa4 60. Qc3 Qd7+ 61. Kc2 Qxg4 62. a4 Qe2+ 63. Kb3 Qd1+ 64. Kb4 Qd6+ 65. Qc5 Qd2+ 66. Kb5 Qd7+ 67. Qc6 Qd3+ 68. Qc4+ 1-0